=LDR 00000nam 2200000 4500 =001 INLIS000000000041331 =005 20130612150854 =008 ***********************************ind** =035 ##$$0010-061300000041331 =041 ##$$a ind =082 ##$$a 638.16 =090 ##$$a 638.16, Jul m =100 ##$$a Julmansyah =245 ##$$a Madu hutan menekan Deforestasi, Jalan lain konservasi DAS dan Adaptasi perubahan iklim, Julmansyah =260 ##$$a 2010 $b Sumbawa =300 ##$$a 99 hlm, ilus, 22 cm =650 ##$$a Madu Konservasi =850 ##$$a NNT-CD